Języki dostępne na jetpunk - Statystyki

Ogólne statystyki
  • Ten quiz został rozwiązany 93 razy
  • Średni wynik to 8 z 9
Odpowiedzi na mapie
Odpowiedzi zakodowano w zielono-czerwonej skali na mapie do tego quizu, zgodnie z poniższymi procentami.
 
Statystyki odpowiedzi
Kraj rodzimy języka % Poprawnych
Niemcy
96%
Polska
96%
Wielka Brytania
95%
Francja
94%
Hiszpania
92%
Włochy
90%
Portugalia
85%
Holandia
74%
Finlandia
63%
Nie znaleziono quizów pasujących do podanych kryteriów
Rozkład punktacji
Procent ludzi z każdym wynikiem
Percentyl według liczby udzielonych odpowiedzi
Twoja historia wyników
Nie rozwiązałeś tego quizu